000 00792cab a2200253 4500
001 X83999
008 090401t1997 xxu||||| |||| 00| 0 eng d
035 _a(Sirsi) u78384
041 _aeng
245 _aComyn Ching & Others v Radius Plc
260 _c1997
350 _a0
490 _aConstruction Industry Law Letter
_v[1997] CILL 1243
520 _aORB 17 March 1997. Caveat emptor - negligent misstatement in pre-contract proposals - misrepresentation; no reliance on puff. Headnote from journal.
650 _aCAVEAT EMPTOR
650 _aCOMPUTERS
650 _aHARDWARE
650 _aMISREPRESENTATION
650 _aNEGLIGENT MISSTATEMENT
650 _aSOFTWARE
690 _aMANAGEMENT-BUSINESS MANAGEMENT-PROFESSIONAL PRACTICE
942 _n0
948 _c19/05/1997
999 _c49335
_d49335